טוען...

Esthetics as nightmare : Russian literary theory, 1855-1870 /

מידע ביבליוגרפי
מחבר ראשי: Moser, Charles A.
פורמט: Printed Book
שפה:English
יצא לאור: Princeton, N.J. : Princeton University Press, c1989.
נושאים:
גישה מקוונת:http://www.loc.gov/catdir/description/prin031/88019505.html
LEADER 01061cam a2200253 a 4500
008 880603s1989 njucf b 001 0 eng
010 |a  88019505  
020 |a 9780691603407(alk.paper):  |c $34.00 
043 |a e-ur-ru 
082 0 0 |a 891.7/09/003  |2 19 
100 1 |a Moser, Charles A. 
245 1 0 |a Esthetics as nightmare :  |b Russian literary theory, 1855-1870 /  |c Charles A. Moser. 
260 |a Princeton, N.J. :  |b Princeton University Press,  |c c1989. 
300 |a xxiv, 288 p., [12] p. of plates :  |b ports. ;  |c 23 cm. 
500 |a Includes index. 
504 |a Bibliography: p. 271-280. 
650 0 |a Russian literature  |x Philosophy. 
650 0 |a Russian literature  |y 19th century  |x History and criticism  |x Theory, etc. 
650 0 |a Criticism. 
856 4 2 |u http://www.loc.gov/catdir/description/prin031/88019505.html 
942 |2 ddc  |c REF 
906 |a 7  |b cbc  |c orignew  |d 1  |e ocip  |f 19  |g y-gencatlg 
999 |c 259738  |d 259738 
952 |0 0  |1 0  |4 0  |6 891_709000000000000_MOS_E  |7 0  |9 289141  |a RUS  |b RUS  |c REF  |d 2018-01-30  |i 9551  |l 0  |o 891.709 MOS/E  |p RUS9551  |r 2018-01-30  |w 2018-08-23  |y REF